[Event "POL-chT 2nd League"]
[Site "Jastrzebia Gora"]
[Date "2023.09.06"]
[Round "5.57"]
[White "Budnik, Mateusz"]
[Black "Kindler, Przemyslaw"]
[Result "1-0"]
[WhiteElo "1969"]
[BlackElo "1984"]
[PlyCount "93"]
[EventDate "2023.09.02"]
[EventType "team-swiss"]
[EventRounds "9"]
[EventCountry "POL"]
[SourceTitle "EXT 2024"]
[Source "ChessBase"]
[SourceDate "2023.10.10"]
[SourceVersion "1"]
[SourceVersionDate "2023.10.10"]
[SourceQuality "1"]
[WhiteTeam "Warszawa Zugzwang"]
[BlackTeam "Gdansk Korona"]
[WhiteTeamCountry "POL"]
[BlackTeamCountry "POL"]

1. Nf3 c5 2. b3 d5 3. Bb2 Nf6 4. e3 Bg4 5. Be2 e6 6. 0-0 Nc6 7. h3 Bh5 8. d4 Bxf3 9. Bxf3 cxd4 10. exd4 Bd6 11. Nd2 0-0 12. c4 Ne7 13. c5 Bc7 14. b4 Rc8 15. a4 Bb8 16. Re1 b6 17. Rc1 bxc5 18. dxc5 Ng6 19. b5 e5 20. g3 Re8 21. Bg2 e4 22. Nb3 e3 23. f4 Bxf4 24. gxf4 Nxf4 25. Qf3 N6h5 26. Bd4 e2 27. c6 Re6 28. Rc2 Nxg2 29. Kxg2 Rg6+ 30. Kf2 Qh4+ 31. Kxe2 Re8+ 32. Be3 Rg3 33. Rf1 Rxf3 34. Rxf3 Qxa4 35. c7 Qxb5+ 36. Kf2 Rc8 37. Nd4 Qd7 38. Rf5 g6 39. Re5 Rxc7 40. Re2 h6 41. Bxh6 Qxh3 42. Re8+ Kh7 43. Be3 Qh2+ 44. Ke1 Qh1+ 45. Kf2 Rb7 46. Nf3 Qh3 47. Ng5+ 1-0

[Event "POL-chT3 Kujawsko-Pomorskie 2223"]
[Site "Poland"]
[Date "2023.??.??"]
[Round "6.4"]
[White "Dwojacki, Karol"]
[Black "Budnik, Mateusz"]
[Result "0-1"]
[WhiteElo "1344"]
[BlackElo "2029"]
[PlyCount "110"]
[EventDate "2022.11.13"]
[EventType "team-swiss"]
[EventRounds "7"]
[EventCountry "POL"]
[SourceTitle "EXT 2024"]
[Source "ChessBase"]
[SourceDate "2023.10.10"]
[SourceVersion "1"]
[SourceVersionDate "2023.10.10"]
[SourceQuality "1"]

1. e4 c5 2. Nc3 a6 3. Nf3 b5 4. d3 Bb7 5. g3 e6 6. Bg2 d5 7. Nd2 d4 8. Ne2 e5 9. Nf3 f6 10. 0-0 Bd6 11. Nh4 Ne7 12. a3 g5 13. Nf3 h5 14. c3 h4 15. h3 hxg3 16. fxg3 Bc8 17. g4 Ng6 18. Qe1 Be6 19. Qf2 Nf4 20. Nxf4 gxf4 21. Nh4 Nc6 22. Nf5 Ra7 23. Qf3 Rah7 24. Kf2 Ne7 25. Rh1 Ng6 26. Bd2 Nh4 27. Nxh4 Rxh4 28. Rag1 Qb6 29. Be1 dxc3 30. Bxc3 c4+ 31. Ke2 cxd3+ 32. Kxd3 R4h7 33. Kc2 Rc7 34. Kb1 Ke7 35. Rc1 Rhc8 36. Bb4 Rxc1+ 37. Rxc1 Rxc1+ 38. Kxc1 Bxb4 39. axb4 Qg1+ 40. Kc2 Bc4 41. b3 Be6 42. Bf1 Qd4 43. h4 Qxb4 44. h5 Kf7 45. h6 Kg6 46. Qh3 Kh7 47. Be2 Qc5+ 48. Kb2 Qf2 49. Qf3 Qxf3 50. Bxf3 Kxh6 51. Kc3 Kg5 52. Kb4 Bxg4 53. Bg2 f3 54. Bf1 Be6 55. Kc3 Kf4 0-1

[Event "POL-chT 2nd League"]
[Site "Sypniewo"]
[Date "2021.09.04"]
[Round "1.7"]
[White "Szczepaniak, Lukasz1111"]
[Black "Budnik, Mateusz"]
[Result "1/2-1/2"]
[WhiteElo "2202"]
[BlackElo "2008"]
[PlyCount "93"]
[EventDate "2021.09.04"]
[EventType "team-swiss"]
[EventRounds "9"]
[EventCountry "POL"]
[SourceTitle "CBM 204 Extra"]
[Source "ChessBase"]
[SourceDate "2021.11.30"]
[SourceVersion "1"]
[SourceVersionDate "2021.11.30"]
[SourceQuality "1"]
[WhiteTeam "Wisznia Mala Bialy Krol II"]
[BlackTeam "Warszawa Zugzwang"]
[WhiteTeamCountry "POL"]
[BlackTeamCountry "POL"]

1. e4 e6 2. d4 d5 3. Nd2 c5 4. exd5 Qxd5 5. dxc5 Bxc5 6. Ngf3 Nf6 7. Bc4 Qd8 8. 0-0 0-0 9. Qe2 Nc6 10. Ne4 Be7 11. Bd2 Nd4 12. Nxd4 Qxd4 13. Nxf6+ Bxf6 14. Bc3 Qf4 15. g3 Qh6 16. Bd2 Qh3 17. Bd3 Bd7 18. Be4 Rac8 19. Bb4 Rfe8 20. Bxb7 Rb8 21. Bg2 Qf5 22. Be4 Qb5 23. Qxb5 Bxb5 24. Rfe1 Bxb2 25. Rab1 Bf6 26. Bd6 Rbd8 27. Bc7 Rc8 28. Rxb5 Rxc7 29. Reb1 g6 30. a4 Rc4 31. R5b4 Rec8 32. Bd3 Rxb4 33. Rxb4 a5 34. Rb7 Bc3 35. Bb5 Rc5 36. Kg2 h5 37. h3 Kf8 38. Bd3 Kg7 39. Rb5 Rc7 40. f4 Kf6 41. Kf3 Ke7 42. Ke4 Kd6 43. g4 hxg4 44. hxg4 Rc5 45. Rxc5 Kxc5 46. g5 Kd6 47. Bb5 1/2-1/2

[Event "Polanica Zdroj op-C 56th"]
[Site "Polanica Zdroj"]
[Date "2020.08.21"]
[Round "7"]
[White "Demski, Michal"]
[Black "Budnik, Mateusz"]
[Result "0-1"]
[WhiteElo "1617"]
[BlackElo "2033"]
[PlyCount "70"]
[EventDate "2020.08.15"]
[EventType "swiss"]
[EventRounds "9"]
[EventCountry "POL"]
[SourceTitle "CBM 198 Extra"]
[Source "ChessBase"]
[SourceDate "2020.11.30"]
[SourceVersion "1"]
[SourceVersionDate "2020.11.30"]
[SourceQuality "1"]

1. e4 e6 2. d4 d5 3. exd5 exd5 4. Nf3 Bd6 5. c4 c6 6. Nc3 Ne7 7. cxd5 cxd5 8. Bd3 0-0 9. 0-0 Nbc6 10. h3 a6 11. a3 Bc7 12. Qc2 Ng6 13. Bd2 Qd6 14. Ne2 Bxh3 15. gxh3 Nh4 16. Ne5 Nxd4 17. Nxd4 Qxe5 18. f4 Qxd4+ 19. Kh1 Rac8 20. Bxh7+ Kh8 21. Qd3 Qxb2 22. Qg3 Bd8 23. Bb4 Kxh7 24. Bxf8 Rc2 25. Rab1 Qd4 26. Rb4 Qf6 27. Qd3+ Qg6 28. Qxg6+ Nxg6 29. Rxb7 Nxf8 30. Rxf7 Ne6 31. Re1 Nd4 32. Rf1 Bf6 33. Rd7 Nf5 34. Re1 Ng3+ 35. Kg1 Bd4+ 0-1

[Event "Polanica Zdroj op-C 56th"]
[Site "Polanica Zdroj"]
[Date "2020.08.18"]
[Round "4"]
[White "Budnik, Mateusz"]
[Black "Grot, Blazej"]
[Result "1-0"]
[WhiteElo "2033"]
[BlackElo "1768"]
[PlyCount "71"]
[EventDate "2020.08.15"]
[EventType "swiss"]
[EventRounds "9"]
[EventCountry "POL"]
[SourceTitle "CBM 198 Extra"]
[Source "ChessBase"]
[SourceDate "2020.11.30"]
[SourceVersion "1"]
[SourceVersionDate "2020.11.30"]
[SourceQuality "1"]

1. Nf3 Nf6 2. b3 d5 3. Bb2 e6 4. e3 c5 5. Be2 Bd6 6. 0-0 Nc6 7. Bb5 Qc7 8. Bxc6+ bxc6 9. d3 e5 10. e4 0-0 11. Re1 Re8 12. Nbd2 Bd7 13. Nf1 Rad8 14. Ng3 Bc8 15. Qd2 Qb8 16. h3 c4 17. Qc1 dxe4 18. dxe4 Bc5 19. Ba3 Qb6 20. Bxc5 Qxc5 21. Qe3 Qb4 22. Qxa7 Qc3 23. Qc5 Qxc2 24. Rec1 Qb2 25. Qxc4 Be6 26. Qc2 Qa3 27. Nxe5 h5 28. Nf3 Qa5 29. Rd1 c5 30. Rxd8 Rxd8 31. e5 Nd5 32. Ng5 Nf4 33. Qh7+ Kf8 34. Qh8+ Ke7 35. Qxg7 Nd3 36. Qf6+ 1-0

[Event "POL-chT 2nd League"]
[Site "Jastrzebia Gora"]
[Date "2019.09.14"]
[Round "8.19"]
[White "Budnik, Mateusz"]
[Black "Stachanczyk, Jacek"]
[Result "1/2-1/2"]
[WhiteElo "2090"]
[BlackElo "2168"]
[PlyCount "40"]
[EventDate "2019.09.07"]
[EventType "team-swiss"]
[EventRounds "9"]
[EventCountry "POL"]
[SourceTitle "EXT 2020"]
[Source "ChessBase"]
[SourceDate "2019.10.17"]
[SourceVersion "1"]
[SourceVersionDate "2019.10.17"]
[SourceQuality "1"]
[WhiteTeam "Podlesie UKS 21"]
[BlackTeam "Jaworzno"]
[WhiteTeamCountry "POL"]
[BlackTeamCountry "POL"]

1. e4 c5 2. Nf3 d6 3. d4 cxd4 4. Nxd4 Nf6 5. Nc3 Nc6 6. Be2 e5 7. Nb3 Be7 8. Be3 0-0 9. f3 a5 10. 0-0 a4 11. Nd2 a3 12. bxa3 d5 13. exd5 Nxd5 14. Nxd5 Qxd5 15. Nc4 Qxd1 16. Rfxd1 Be6 17. Bf2 Ra4 18. Nb6 Rxa3 19. Nd5 Bxd5 20. Rxd5 Rc8 1/2-1/2

[Event "Baltic Cup 3rd"]
[Site "Darlowko"]
[Date "2019.06.27"]
[Round "6"]
[White "Majek, Kacper"]
[Black "Budnik, Mateusz"]
[Result "0-1"]
[WhiteElo "2011"]
[BlackElo "2106"]
[PlyCount "88"]
[EventDate "2019.06.23"]
[EventType "swiss"]
[EventRounds "9"]
[EventCountry "POL"]
[SourceTitle "CBM 191 Extra"]
[Source "ChessBase"]
[SourceDate "2019.09.30"]
[SourceVersion "1"]
[SourceVersionDate "2019.09.30"]
[SourceQuality "1"]

1. d4 Nf6 2. c4 c5 3. d5 g6 4. Nf3 d6 5. Nc3 Bg7 6. e4 0-0 7. Bd3 Bg4 8. 0-0 Nbd7 9. h3 Bxf3 10. Qxf3 Ne5 11. Qe2 Nxd3 12. Qxd3 Nd7 13. f4 a6 14. a4 Qc7 15. Be3 Rab8 16. Rae1 Qb6 17. Nd1 Qa5 18. b3 b5 19. Bd2 bxc4 20. bxc4 Qxa4 21. Ne3 Qb3 22. Qe2 Qa2 23. e5 dxe5 24. Ra1 Qb2 25. f5 Nf6 26. Rxa6 Ne4 27. d6 exd6 28. Nd1 Qb7 29. Ra3 Nxd2 30. Qxd2 Qb4 31. Qc1 Rfe8 32. f6 Bf8 33. Nf2 Qb2 34. Qe3 Qd4 35. Qc1 e4 36. Rd1 Qxf6 37. Qe3 Qe6 38. Ra6 Qxc4 39. Ra7 Bg7 40. Qf4 Be5 41. Qh4 Bd4 42. Rxd4 Qxd4 43. Kh2 Qe5+ 44. g3 Rb2 0-1

[Event "Baltic Cup 3rd"]
[Site "Darlowko"]
[Date "2019.06.24"]
[Round "3"]
[White "Budnik, Mateusz"]
[Black "Derylo, Kamil"]
[Result "1-0"]
[WhiteElo "2106"]
[BlackElo "1860"]
[PlyCount "152"]
[EventDate "2019.06.23"]
[EventType "swiss"]
[EventRounds "9"]
[EventCountry "POL"]
[SourceTitle "CBM 191 Extra"]
[Source "ChessBase"]
[SourceDate "2019.09.30"]
[SourceVersion "1"]
[SourceVersionDate "2019.09.30"]
[SourceQuality "1"]

1. e4 c6 2. Nf3 d5 3. Nc3 dxe4 4. Nxe4 Nf6 5. Ng3 h5 6. h4 Bg4 7. Be2 e6 8. d4 Bd6 9. Nf1 Nbd7 10. Ne3 Qc7 11. Bd2 Ne4 12. Nc4 Nxd2 13. Nxd6+ Qxd6 14. Qxd2 0-0-0 15. 0-0-0 Nf6 16. Ng5 Bxe2 17. Qxe2 Rd7 18. Qe5 Qe7 19. f3 Rhd8 20. c3 Rd5 21. Qe2 Kb8 22. Rhe1 Ka8 23. Rd2 Qc7 24. Red1 a6 25. a3 R5d7 26. Qe5 Qb6 27. Ne4 Rd5 28. Qg3 Ne8 29. Qf4 Rf5 30. Qe3 Qb3 31. Qd3 Rfd5 32. c4 Qxd3 33. Rxd3 R5d7 34. Kc2 Nd6 35. Nxd6 Rxd6 36. Kc3 Kb8 37. b4 Kc7 38. g4 hxg4 39. fxg4 b5 40. Rf3 R8d7 41. Rdd3 bxc4 42. Kxc4 Kb6 43. g5 g6 44. Rf4 Rd5 45. Rdf3 Rd8 46. a4 a5 47. Rb3 R8d7 48. bxa5+ Kxa5 49. Rb8 Ra7 50. Rf8 Rdd7 51. Kc5 Ka6 52. Rb8 Rac7 53. Rf8 Rd5+ 54. Kb4 Rdd7 55. Kc4 Ka7 56. Rf3 Rb7 57. Rc8 Rb6 58. a5 Rb5 59. Rf8 Rbb7 60. Kc5 Rbc7 61. Kc4 Rb7 62. Rf2 Rdc7 63. a6 Kxa6 64. Ra8+ Ra7 65. Rb8 Rab7 66. Ra8+ Ra7 67. Rb8 Rab7 68. Ra8+ Ra7 69. Ra2+ Kb6 70. Rb2+ Ka6 71. Rab8 Rcb7 72. Kc5 Rxb8 73. Rxb8 Re7 74. Kxc6 Ka5 75. Kd6 Ra7 76. Rb1 Ra6+ 1-0

[Event "Gora Sw Anny op 12th"]
[Site "Gora Sw Anny"]
[Date "2019.01.31"]
[Round "7"]
[White "Budnik, Mateusz"]
[Black "Niedbala, Bartlomiej"]
[Result "0-1"]
[WhiteElo "2046"]
[BlackElo "1987"]
[PlyCount "120"]
[EventDate "2019.01.26"]
[EventType "swiss"]
[EventRounds "10"]
[EventCountry "POL"]
[SourceTitle "CBM 188 Extra"]
[Source "ChessBase"]
[SourceDate "2019.02.26"]
[SourceVersion "1"]
[SourceVersionDate "2019.02.26"]
[SourceQuality "1"]

1. b3 e5 2. Bb2 Nc6 3. e3 g6 4. f4 Bg7 5. Nf3 d6 6. Bb5 Nge7 7. fxe5 0-0 8. 0-0 Nxe5 9. Nxe5 dxe5 10. Bc4 Nf5 11. Ba3 Re8 12. Nc3 Be6 13. Bxe6 Rxe6 14. Ne4 b6 15. Qf3 Rc8 16. Rad1 c5 17. Bb2 Nh6 18. Qe2 Nf5 19. Rf2 Nd6 20. Nxd6 Qxd6 21. e4 c4 22. Rdf1 cxb3 23. axb3 Rxc2 24. Bc3 f6 25. Qc4 Qc6 26. Qa6 Qxe4 27. Qxa7 h5 28. Qd7 Qc6 29. Qd3 Rxc3 30. Qxc3 Qd7 31. Rc1 Kh7 32. Qc7 Qb5 33. Qf7 Rc6 34. Re1 f5 35. h3 e4 36. Rff1 Qc5+ 37. Kh1 Rc7 38. Qe8 Qd5 39. Qa4 Rc2 40. Qb4 b5 41. Re2 Rb2 42. Re3 Qxd2 43. Qxd2 Rxd2 44. Rfe1 Bd4 45. R3e2 Rd3 46. Rb1 b4 47. Kh2 Kh6 48. Rc2 Bc3 49. Kg1 Kg5 50. Kf2 Kf4 51. Re2 g5 52. Kf1 Kg3 53. Ra2 g4 54. hxg4 hxg4 55. Re2 e3 56. Ra2 f4 57. Ke2 Rd5 58. Rf1 Rd4 59. Rh1 Kxg2 60. Rh7 Rd2+ 0-1

[Event "Gora Sw Anny op 12th"]
[Site "Gora Sw Anny"]
[Date "2019.01.29"]
[Round "5"]
[White "Marcinczyk, Monika"]
[Black "Budnik, Mateusz"]
[Result "1/2-1/2"]
[WhiteElo "1960"]
[BlackElo "2046"]
[PlyCount "89"]
[EventDate "2019.01.26"]
[EventType "swiss"]
[EventRounds "10"]
[EventCountry "POL"]
[SourceTitle "CBM 188 Extra"]
[Source "ChessBase"]
[SourceDate "2019.02.26"]
[SourceVersion "1"]
[SourceVersionDate "2019.02.26"]
[SourceQuality "1"]

1. e4 c5 2. Nf3 e6 3. d4 cxd4 4. Nxd4 a6 5. Be2 Nf6 6. Nc3 Qc7 7. 0-0 b5 8. Bf3 e5 9. Nf5 d6 10. Bg5 Nbd7 11. Qd2 h6 12. Be3 Nb6 13. Bxb6 Qxb6 14. Rad1 Bxf5 15. exf5 Rb8 16. Qe3 Be7 17. Rfe1 0-0 18. Bd5 Qxe3 19. fxe3 Rfc8 20. Re2 Rc5 21. Bb3 a5 22. a4 bxa4 23. Nxa4 Rcb5 24. Bc4 Rb4 25. b3 Rc8 26. Nc3 a4 27. e4 axb3 28. cxb3 Rcb8 29. Ra2 R4b7 30. Ra6 Bd8 31. Raxd6 Ba5 32. Na4 Nxe4 33. Rd7 Rxd7 34. Rxd7 Nd2 35. Bxf7+ Kh8 36. Rd5 Nxb3 37. Rxe5 Bc7 38. Re7 Bd6 39. Re6 Bf8 40. Nc3 Nd4 41. Re5 Rc8 42. Nd5 Bd6 43. Re1 Nxf5 44. Re8+ Rxe8 45. Bxe8 1/2-1/2

[Event "Gora Sw Anny op 12th"]
[Site "Gora Sw Anny"]
[Date "2019.01.28"]
[Round "4"]
[White "Budnik, Mateusz"]
[Black "Trybus, Daniel"]
[Result "0-1"]
[WhiteElo "2046"]
[BlackElo "1894"]
[PlyCount "90"]
[EventDate "2019.01.26"]
[EventType "swiss"]
[EventRounds "10"]
[EventCountry "POL"]
[SourceTitle "CBM 188 Extra"]
[Source "ChessBase"]
[SourceDate "2019.02.26"]
[SourceVersion "1"]
[SourceVersionDate "2019.02.26"]
[SourceQuality "1"]

1. e4 Nf6 2. e5 Nd5 3. d4 d6 4. Nf3 g6 5. Bc4 Nb6 6. Bb3 d5 7. 0-0 Bg7 8. Be3 Nc6 9. c3 0-0 10. Nbd2 f6 11. exf6 exf6 12. Ne4 Na5 13. Nc5 Nxb3 14. axb3 Re8 15. Re1 Nd7 16. Nd3 Nf8 17. Bf4 Re4 18. Nd2 Rxe1+ 19. Qxe1 Bf5 20. Nc5 b6 21. Na6 Ne6 22. Bg3 Qd7 23. Nf1 Bc2 24. Nb4 Bxb3 25. Nd2 c5 26. dxc5 bxc5 27. Na6 Bc2 28. Nb8 Qe8 29. c4 d4 30. Ra5 Bf5 31. Rxc5 Kf7 32. Rb5 Qc8 33. c5 a6 34. Nc4 Bf8 35. Rb6 Bxc5 36. Rc6 Qd8 37. Nxa6 Qd5 38. Nd6+ Kg8 39. Nxc5 d3 40. Nxf5 d2 41. Nh6+ Kh8 42. Nf7+ Kg7 43. Nxe6+ Kxf7 44. Nd8+ Qxd8 45. Qe6+ Kg7 0-1

[Event "Gora Sw Anny op 12th"]
[Site "Gora Sw Anny"]
[Date "2019.01.27"]
[Round "3"]
[White "Sieciechowicz, Marcin"]
[Black "Budnik, Mateusz"]
[Result "1-0"]
[WhiteElo "2438"]
[BlackElo "2046"]
[PlyCount "98"]
[EventDate "2019.01.26"]
[EventType "swiss"]
[EventRounds "10"]
[EventCountry "POL"]
[SourceTitle "CBM 188 Extra"]
[Source "ChessBase"]
[SourceDate "2019.02.26"]
[SourceVersion "1"]
[SourceVersionDate "2019.02.26"]
[SourceQuality "1"]

1. d4 Nf6 2. c4 g6 3. Nc3 d5 4. cxd5 Nxd5 5. e4 Nxc3 6. bxc3 Bg7 7. Bc4 c5 8. Ne2 0-0 9. 0-0 Nc6 10. Be3 Na5 11. Bd3 cxd4 12. cxd4 b6 13. Qd2 Nc6 14. Bb5 Bb7 15. Rac1 Rc8 16. d5 Ne5 17. Rxc8 Qxc8 18. Rc1 Qg4 19. Ng3 Rc8 20. f4 Nd7 21. Rxc8+ Bxc8 22. Be2 Qh4 23. Qc2 Nc5 24. Bxc5 bxc5 25. Qxc5 Bg4 26. Qf2 Bxe2 27. Nxe2 Qg4 28. Qf3 Qc8 29. Qd3 Qc5+ 30. Kf1 Bh6 31. g3 Bf8 32. e5 f6 33. Kg2 Kf7 34. Ng1 Qc1 35. Nf3 Qb2+ 36. Qd2 Qa3 37. Nd4 Qa4 38. h4 Qc4 39. Nc6 Qe4+ 40. Kh2 Kg8 41. e6 a6 42. Qg2 Qd3 43. a4 h6 44. Qa2 g5 45. hxg5 hxg5 46. fxg5 f5 47. Qg2 Qe3 48. Qc2 Qxg5 49. Qf2 Bh6 1-0

[Event "Gora Sw Anny op 12th"]
[Site "Gora Sw Anny"]
[Date "2019.01.26"]
[Round "2"]
[White "Budnik, Mateusz"]
[Black "Seemann, Jakub"]
[Result "1-0"]
[WhiteElo "2046"]
[BlackElo "1907"]
[PlyCount "53"]
[EventDate "2019.01.26"]
[EventType "swiss"]
[EventRounds "10"]
[EventCountry "POL"]
[SourceTitle "CBM 188 Extra"]
[Source "ChessBase"]
[SourceDate "2019.02.26"]
[SourceVersion "1"]
[SourceVersionDate "2019.02.26"]
[SourceQuality "1"]

1. e4 c5 2. Nf3 d6 3. d4 cxd4 4. Nxd4 Nf6 5. Nc3 a6 6. h3 e5 7. Nde2 h5 8. g3 Be6 9. Bg2 Nbd7 10. 0-0 b5 11. a4 b4 12. Nd5 Nxd5 13. exd5 Bf5 14. c3 Rb8 15. Kh2 Nc5 16. Be3 Nd3 17. b3 bxc3 18. Nxc3 Nb2 19. Qe2 Rxb3 20. Ne4 Rb4 21. Qxa6 Nc4 22. Rac1 Nxe3 23. fxe3 Rb6 24. Qa7 g6 25. Rxf5 Be7 26. Rf2 0-0 27. Rc7 1-0

[Event "Rubinstein Memorial-A 54th"]
[Site "Polanica Zdroj"]
[Date "2018.08.25"]
[Round "8"]
[White "Budnik, Mateusz"]
[Black "Jankowiak, Tomasz"]
[Result "1/2-1/2"]
[WhiteElo "2003"]
[BlackElo "2117"]
[PlyCount "66"]
[EventDate "2018.08.18"]
[EventType "swiss"]
[EventRounds "9"]
[EventCountry "POL"]
[SourceTitle "CBM 186 Extra"]
[Source "ChessBase"]
[SourceDate "2018.08.24"]
[SourceVersion "1"]
[SourceVersionDate "2018.08.24"]
[SourceQuality "1"]

1. e4 e5 2. Nf3 Nc6 3. Bb5 a5 4. 0-0 Na7 5. Be2 d6 6. c3 Nf6 7. d3 Be7 8. Re1 0-0 9. Nbd2 Re8 10. Nf1 Bf8 11. Bg5 h6 12. Bd2 b5 13. a4 c6 14. axb5 cxb5 15. Ne3 Qb6 16. c4 b4 17. Nd5 Nxd5 18. exd5 Bd7 19. Be3 Qc7 20. d4 exd4 21. Nxd4 Nc8 22. b3 Nb6 23. Bg4 a4 24. Bxd7 Nxd7 25. Nb5 Qc8 26. bxa4 Re4 27. Rc1 Rxc4 28. Qb3 Rxc1 29. Rxc1 Qa6 30. Qxb4 Qxa4 31. Qxa4 Rxa4 32. g3 Nf6 33. Rd1 Ra5 1/2-1/2